| 000 | 00464nam a22001817a 4500 | ||
|---|---|---|---|
| 003 | NUST - PNEC | ||
| 005 | 20170116180957.0 | ||
| 008 | 150912b xxu||||| |||| 00| 0 eng d | ||
| 020 | _a0201416719 | ||
| 020 | _a0201416727 | ||
| 040 | _cLIBRARY | ||
| 082 | _a005.369 MIL | ||
| 100 |
_99304 _aMills, D. C. |
||
| 245 |
_aMaster Lotus 1-2-3 : Release 3 _cDavid Mills |
||
| 260 | _cc.1989 | ||
| 650 |
_99306 _aLotus 1-2-3 (Computer file) _xMIS |
||
| 942 |
_2ddc _cBK |
||
| 999 |
_c66574 _d66574 |
||